Detalles MARC
| 000 -LÍDER |
| Campo fijo de descripción fija |
01201cam a2200349 i 4500 |
| 001 - NÚMERO DE CONTROL |
| Campo de control |
20705 |
| 003 - IDENTIFICADOR DEL NÚMERO DE CONTROL |
| Campo de control |
CO-MdFUSB |
| 005 - FECHA Y HORA DE LA ULTIMA TRANSACCIÓN |
| control field |
20161126083659.0 |
| 008 - ELEMENTOS DE LONGITUD FIJA -- INFORMACIÓN GENERAL |
| Campo fijo de descripción fija -- Información general |
161101t1996 xxu||||f |||| 00| 0 eng d |
| 020 ## - NÚMERO INTERNACIONAL NORMALIZADO PARA LIBROS |
| Número Internacional Normalizado del libro |
0-8006-2889-6 |
| 040 ## - FUENTE DE CATALOGACIÓN |
| Agencia de catalogación original |
CO-MdFUSB |
| Idioma de catalogación |
Español |
| Agencia que realiza la transcripción |
CO-MdFUSB |
| Agencia que realiza la modificación |
CO-MdFUSB |
| Convenciones de la descripción |
rda |
| 041 ## - CÓDIGO DE IDIOMA |
| Código de idioma para texto/pista de sonido o título separado |
eng |
| 082 ## - NÚMERO DE CLASIFICACIÓN DECIMAL DEWEY |
| Número de la edición del Dewey |
24 |
| Número de clasificación |
220.66 |
| Clave de autor-Numero de item |
OL44c |
| 100 1# - ASIENTO PRINCIPAL--NOMBRE PERSONAL |
| Nombre personal |
Overholt, Thomas |
| Término relacionador |
autor |
| 245 00 - TÍTULO |
| Título del Material |
Cultural anthropology and the Old Testament |
| Mención de responsabilidad, etc. |
/ Thomas Overholt |
| Parte restante del título - Subtitulo |
: |
| 264 #1 - PRODUCCIÓN, PUBLICACIÓN, DISTRIBUCIÓN, MANUFACTURA, Y COPYRIGHT |
| Lugar de producción, publicación, distribución, manufactura |
Minneapolis, Minnesota : |
| Nombre del productor, publicador, distribuidor |
Fortress Press, |
| Fecha de producción, publicación, distribución, manufactura, o copyright |
℗1996 |
| 264 #4 - PRODUCCIÓN, PUBLICACIÓN, DISTRIBUCIÓN, MANUFACTURA, Y COPYRIGHT |
| Fecha de producción, publicación, distribución, manufactura, o copyright |
©1996 |
| Lugar de producción, publicación, distribución, manufactura |
: |
| Nombre del productor, publicador, distribuidor |
, |
| 300 ## - DESCRIPCIÓN FÍSICA |
| Extensión |
116 páginas |
| Otros detalles físicos |
: |
| Dimensiones |
; |
| 336 ## - TIPO DE CONTENIDO |
| Fuente |
rdacontent |
| Término de tipo de contenido |
|
| Código de tipo de contenido |
|
| 337 ## - TIPO DE MEDIO |
| Fuente |
rdamedia |
| Nombre del tipo de medio |
|
| Código del tipo de medio |
|
| 338 ## - TIPO DE SOPORTE |
| Fuente |
rdacarrier |
| Nombre del tipo de soporte |
|
| Código Tipo de soporte |
|
| 490 ## - MENCIÓN DE SERIE |
| Mención de serie |
Guides to Biblical Scholarship |
| 501 ## - NOTA DE “CON” |
| Nota de Contenido |
Rústico |
| 504 ## - NOTA DE BIBLIOGRAFÍA, ETC. |
| Nota de bibliografía, etc |
Incluye índices (páginas: 111-116) |
| 505 00 - NOTA DE CONTENIDO |
| Nota de contenido con formato preestablecido |
Antropología cultural y el Antiguo Testamento - Interpretación de Elías y Eliseo - Vistas antropológicas de los roles sociales y las instituciones de Israel |
| 630 #7 - TITULO UNIFORME |
| Título uniforme |
Biblia. |
| Nombre de parte o sección de la obra |
Antiguo Testamento |
| Subdivisión de materia general |
Cultura |
| 650 #0 - ASIENTO SECUNDARIO DE MATERIA - TERMINO TEMÁTICO |
| 9 (RLIN) |
4 |
| Término temático o nombre geográfico como elemento de entrada |
Antropología |
| 653 ## - TÉRMINO DE INDIZACIÓN - NO CONTROLADO |
| Término no controlado |
Cultural anthropology |
| 653 ## - TÉRMINO DE INDIZACIÓN - NO CONTROLADO |
| Término no controlado |
Antropología cultural |
| 942 ## - TIPO DE MATERIAL (KOHA) |
| Tipo de Item KOHA |
Libros de Referencia |